00612 2200217 4500001002100000005001500021035002000036007000300056008004100059020001800100082001000118084001600128100002600144245009100170250001100261260003200272300003000304650001600334700003100350990001300381INLIS00000000000055720230104072112 a0010-0123000024ta230104 g 0 ind  a979-722-193-8 a294.5 a294.5 BHA a0 aBhasya Of Sayanacarya1 aAtharvaveda samhita II /cBhasya Of Sayanacarya,penerjemah: Ivan Taniputera Dipl. Ing. acet. 1 aSurabaya :bParamita,c2009 a834 hlm. :bIlus ;c24 cm 4aAgama Hindu0 aIvan Taniputera Dipl. Ing. a06790679